Central Library OPAC University of Rajshahi

To host or to hurt : (Record no. 41770)

MARC details
000 -LEADER
fixed length control field 00972nam a2200289 a 4500
001 - CONTROL NUMBER
control field 41770
003 - CONTROL NUMBER IDENTIFIER
rucl marc code BD-RjUL
005 - DATE AND TIME OF LATEST TRANSACTION
control field 20211209053440.0
008 - FIXED-LENGTH DATA ELEMENTS--GENERAL INFORMATION
fixed length control field 160606s2012 bg 000 0 eng
020 ## - INTERNATIONAL STANDARD BOOK NUMBER
International Standard Book Number 12345678 :
Terms of availability TK. 400.00
035 ## - SYSTEM CONTROL NUMBER
System control number (OCoLC)ocn826458799
System control number (OCoLC)826458799
System control number (NNC)10516540
040 ## - CATALOGING SOURCE
Original cataloging agency DLC
Language of cataloging eng
Transcribing agency DLC
Modifying agency COO
-- OCLCO
041 ## - LANGUAGE CODE
Language code of text/sound track or separate title eng
082 ## - DEWEY DECIMAL CLASSIFICATION NUMBER
Edition number 23
Classification number 958.08
Author mark and year TOH 2012
245 00 - TITLE STATEMENT
Title To host or to hurt :
Remainder of title counter-narratives on Rohingya refugee issue in Bangladesh /
Statement of responsibility, etc. edited by Nasir Uddin.
260 ## - PUBLICATION, DISTRIBUTION, ETC. (IMPRINT)
Place of publication, distribution, etc. Dhaka :
Name of publisher, distributor, etc. Institute of Culture & Development Research,
Date of publication, distribution, etc. 2012.
300 ## - PHYSICAL DESCRIPTION
Pagination xvi, 152 p. ;
Size 22 cm.
504 ## - BIBLIOGRAPHY, ETC. NOTE
Bibliography, etc Includes bibliographical references (p. [145]-152).
650 #0 - SUBJECT ADDED ENTRY--TOPICAL TERM
Topical term or geographic name as entry element Rohingya (Burmese people)
9 (RLIN) 128321
Topical term or geographic name as entry element Rohingya (Burmese people)
Geographic subdivision Bangladesh.
9 (RLIN) 128322
Topical term or geographic name as entry element Refugees
Geographic subdivision Burma.
9 (RLIN) 128323
Topical term or geographic name as entry element Refugees
Geographic subdivision Bangladesh.
9 (RLIN) 128324
942 ## - ADDED ENTRY ELEMENTS (KOHA)
Source of classification or shelving scheme Dewey Decimal Classification
Koha item type Books
Holdings
Lost status Source of classification or shelving scheme Damaged status Not for loan Collection code Permanent Location Current Location Shelving location Date acquired Source of acquisition Cost, normal purchase price Total Checkouts Full call number Date last seen Copy number Koha item type Date checked out
  Dewey Decimal Classification     Non-fiction Central Library, University of Rajshahi Central Library, University of Rajshahi   10/10/2012 mohammad Mohibullah Siddiquee, rajshahi 400.00   958.08 TOH 2012 06/06/2016 C-2 Books  
  Dewey Decimal Classification     Non-fiction Central Library, University of Rajshahi Central Library, University of Rajshahi   10/10/2012 mohammad Mohibullah Siddiquee, rajshahi 400.00   958.08 TOH 2012 06/06/2016 C-3 Books  
  Dewey Decimal Classification     Non-fiction Central Library, University of Rajshahi Central Library, University of Rajshahi   10/10/2012 mohammad Mohibullah Siddiquee, rajshahi 400.00 2 958.08 TOH 2012 06/11/2017 C-4 Books 06/11/2017
  Dewey Decimal Classification     Non-fiction Central Library, University of Rajshahi Central Library, University of Rajshahi   10/10/2012 mohammad Mohibullah Siddiquee, rajshahi 400.00   958.08 TOH 2012 06/06/2016 C-5 Books  
  Dewey Decimal Classification     Non-fiction Central Library, University of Rajshahi Central Library, University of Rajshahi   10/10/2012 mohammad Mohibullah Siddiquee, rajshahi 400.00 1 958.08 TOH 2012 13/11/2017 C-6 Books 13/11/2017